000 00298nam a2200133Ia 4500
008 220613s9999||||xx |||||||||||||| ||und||
100 _aD J FIELD
245 0 _aPEDIATRICS AN ILLUSTRATED COLOUR TEXT
250 _a1ST
260 _bCHURCHIL
300 _a130
650 _aPediatric
942 _cMEDI
999 _c7899
_d7899